Estrategias de lectura : (Registro nro. 12445)

Detalles MARC
000 -LIDER
fixed length control field 00840nam a22002537a 4500
003 - IDENTIFICACDOR DE NÚMERO DE CONTROL
control field DO-SdBPM
005 - DATE AND TIME OF LATEST TRANSACTION
control field 20250116121924.0
008 - ELEMENTOS DE LONGITUD FIJA
fixed length control field 170112b20uu ag |||| 00| 0 spa d
020 ## - ISBN
International Standard Book Number 9872137013
040 ## - FUENTE DE CATALOGACIÓN
Enlace DO-SdBPM
Campo enlazado y núm. de secuencia spa
Agencia que crea de manera original el registro BPMSU
Agencia que realiza la transcripción
082 ## - NÚMERO DE CLASIFICACIÓN DECIMAL DE DEWEY
Classification number 372.4
Item number C574e
Edition number 22
100 1# - ASIENTO PRINCIPAL -- NOMBRE PERSONAL
Nombre personal Cinetto, Liliana
245 10 - MENCIÓN DE TITULO
Título Estrategias de lectura :
Subtítulo para mejorar la comprensión /
Mención de responsabilidad Liliana Cinetto ; ilustraciones Juan Boan
260 ## - PUBLICACIÓN, DISTRIBUCIÓN, ETC. (PIE DE IMPRENTA)
Lugar de publicación, distribución, etc Buenos Aires :
Nombre del editor, distribuidor, etc. Lexus,
Fecha de publicación, distribución, etc [200?].
300 ## - DESCRIPCIÓN FÍSICA
Extensión 116 p. :
Otros detalles físicos il. ;
Dimensiones 32 cm.
590 ## - NOTA LOCAL
Texto de la nota local Inventariado, 2025/VM
650 #4 - ENCABEZAMIENTO DE MATERIA--TEMÁTICO
Término temático o nombre geográfico como elemento de entrada Enseñanza en comprensión de lectura
650 #4 - ENCABEZAMIENTO DE MATERIA--TEMÁTICO
Término temático o nombre geográfico como elemento de entrada Lectura
Subdivisión temática general Métodos de enseñanza
650 #4 - ENCABEZAMIENTO DE MATERIA--TEMÁTICO
Término temático o nombre geográfico como elemento de entrada Libros y lectura para niños
650 #4 - ENCABEZAMIENTO DE MATERIA--TEMÁTICO
Término temático o nombre geográfico como elemento de entrada Promoción de la lectura
700 1# - ASIENTO SECUNDARIO -- NOMBRE PERSONAL
Nombre personal Boan, Juan,
Mención de responsabilidad ilustración
910 ## - VALIDACIÓN
Validación VMateo V. Control de calidad. BPMSU
942 ## - ADDED ENTRY ELEMENTS (KOHA)
Source of classification or shelving scheme Dewey Decimal Classification
Koha item type Libros
Existencias
Withdrawn status Lost status Source of classification or shelving scheme Damaged status Not for loan Collection code Home library Current library Date acquired Source of acquisition Total Checkouts Full call number Barcode Date last seen Price effective from Koha item type Copy number
    Dewey Decimal Classification     Colección General Biblioteca Pública Metropolitana Salomé Ureña Biblioteca Pública Metropolitana Salomé Ureña 01/12/2017 Compra   BPMSU CG 372.4 C574e BPMSU17010011 01/12/2017 01/12/2017 Libros  
    Dewey Decimal Classification     Colección General Biblioteca Pública Metropolitana Salomé Ureña Biblioteca Pública Metropolitana Salomé Ureña 01/12/2017 Compra   BPMSU CG 372.4 C574e BPMSU17010012 01/12/2017 01/12/2017 Libros e.2
    Dewey Decimal Classification     Colección General Biblioteca Pública Metropolitana Salomé Ureña Biblioteca Pública Metropolitana Salomé Ureña 01/12/2017 Compra     BPMSU17010013 01/12/2017 01/12/2017 Libros ej. 3